| 000 | 00844cab a2200301 4500 | ||
|---|---|---|---|
| 001 | ABS56389 | ||
| 008 | 090401t1996 xxu||||| |||| 00| 0 eng d | ||
| 035 | _a(Sirsi) u23271 | ||
| 041 | _aeng | ||
| 100 | _aChaffin, J | ||
| 245 | _aDevelopment opportunities in South America | ||
| 260 | _c1996 | ||
| 350 | _a0 | ||
| 490 |
_aUrban Land _v55(12) December 1996, 35-42(8) |
||
| 520 | _aLooks at development opportunities in South America including country profiles of Chile, Argentina and Brazil. | ||
| 650 | _aARGENTINA | ||
| 650 | _aBRAZIL | ||
| 650 | _aCHILE | ||
| 650 | _aDEVELOPMENT OPPORTUNITIES | ||
| 650 | _aHOTEL MARKET | ||
| 650 | _aHOUSING MARKET | ||
| 650 | _aLATIN AMERICA | ||
| 650 | _aPROPERTY MARKET | ||
| 650 | _aSOUTH AMERICA | ||
| 690 | _aOVERSEAS-REST OF THE WORLD | ||
| 942 | _n0 | ||
| 948 | _c04/03/1997 | ||
| 999 |
_c15568 _d15568 |
||